Statistics for Bloodborne - All Weapons

Click here to take the quiz!

General Stats

  • This quiz has been taken 145 times
  • The average score is 22 of 42

Answer Stats

GroupLocation/Associated BadgeAnswer% Correct
Right Hand WeaponStarting Weapon/Saw Hunter BadgeHunter Axe
90%
Right Hand WeaponStarting Weapon/Saw Hunter BadgeSaw Cleaver
89%
Right Hand WeaponCentral Yharnam/Saw Hunter BadgeSaw Spear
86%
Right Hand WeaponRadiant Sword Hunter BadgeLudwig's Holy Blade
78%
Right Hand WeaponCainhurst BadgeChikage
71%
Left Hand WeaponStarting Firearm/Saw Hunter BadgeHunter Pistol
71%
Right Hand WeaponSword Hunter BadgeKirkhammer
71%
Right Hand WeaponStarting Weapon/Saw Hunter BadgeThreaded Cane
71%
Right Hand WeaponWheel Hunter BadgeLogarius' Wheel
65%
Right Hand WeaponYahar'gul, Unseen Village/Spark Hunter BadgeTonitrus
65%
Right Hand WeaponCrow Hunter BadgeBlade of Mercy
62%
Right Hand WeaponFishing HamletRakuyo
62%
Right Hand WeaponHunter's NightmareBoom Hammer
60%
Left Hand WeaponStarting Firearm/Saw Hunter BadgeHunter Blunderbuss
60%
Right Hand WeaponAiling Loran ChaliceBeast Claw
59%
Left Hand WeaponForbidden WoodsCannon
59%
Right Hand WeaponHunter's NightmareHoly Moonlight Sword
59%
Left Hand WeaponForsaken Castle Cainhurst/Cainhurst BadgeEvelyn
52%
Right Hand WeaponHunter's NightmareWhirligig Saw
51%
Right Hand WeaponFishing HamletKos Parasite
49%
Right Hand WeaponHunter's NightmareAmygdalan Arm
48%
Right Hand WeaponHunter's NightmareBeast Cutter
48%
Right Hand WeaponForsaken Castle Cainhurst/Cainhurst BadgeReiterpallasch
48%
Right Hand WeaponOld Yharnam/Powder Keg Hunter BadgeRifle Spear
48%
Right Hand WeaponHunter's NightmareBloodletter
44%
Right Hand WeaponHunter's NightmareChurch Pick
43%
Left Hand WeaponOld YharnamHunter's Torch
43%
Right Hand WeaponPowder Keg Hunter BadgeStake Driver
43%
Right Hand WeaponOld Hunter BadgeBurial Blade
41%
Right Hand WeaponHunter's NightmareBeasthunter Saif
40%
Left Hand WeaponResearch HallChurch Cannon
40%
Left Hand WeaponCentral YharnamTorch
40%
Left Hand WeaponHunter's NightmareGatling Gun
38%
Left Hand WeaponRadiant Sword Hunter BadgeLudwig's Rifle
38%
Left Hand WeaponSword Hunter BadgeRepeating Pistol
38%
Left Hand WeaponCathedral WardWooden Shield
38%
Left Hand WeaponCentral Yharnam/Radiant Sword Hunter BadgeFlamesprayer
35%
Right Hand WeaponFishing HamletSimon's Bowblade
33%
Left Hand WeaponResearch HallLoch Shield
27%
Left Hand WeaponFiring Hammer BadgePiercing Rifle
24%
Left Hand WeaponHunter's NightmareFist of Gratia
22%
Left Hand WeaponCosmic Eye Watcher BadgeRosemarinus
14%

Score Distribution

Percentile by Number Answered

Percent of People with Each Score

Your Score History

You have not taken this quiz